000 00664nam a2200265Ia 4500
005 20260121171937.0
008 008 260114s9999 xx 000 0 eng d
020 _a9789811556821
037 _aEBOOK
040 _aCRL
040 _beng
040 _cCRL
041 _2eng
041 _aeng
084 _qCRL
100 _aJuliang Zhang, Martin Dresner, Runtong Zhang, Guowei Hua, Xiaopu Shang
_91082373
245 0 _aLISS2019
260 _bSpringer
260 _bSpringer
260 _c2020
856 _uhttps://link.springer.com/openurl?genre=book&isbn=978-981-15-5682-1
942 _cEBOOK
999 _c1648106
_d1648106